| 000 | 01481nam a2200457 i 4500 | ||
|---|---|---|---|
| 001 | 15923 | ||
| 003 | KOSZ 005 | ||
| 005 | 20191022074733.0 | ||
| 008 | 040211s1975 pl a f f |000 0 pol | ||
| 015 | _aPB 1975/6921 | ||
| 035 | _a991022450059705066 | ||
| 035 | _a(PL-WaBN)b16053898-48omnis_nlop | ||
| 035 | _ab16053898 | ||
| 035 | _a(OCoLC)831081477 | ||
| 035 | _a(PL)b0000001605389 | ||
| 035 | _a(EXLNZ-48OMNIS_NETWORK)9910439809705606 | ||
| 040 |
_aWA N _cWA N _dKOSZ 005/EG |
||
| 041 | 0 | _apol | |
| 046 | _k1975 | ||
| 080 | _a621.73/.77 | ||
| 100 | 1 |
_aKnap, Fryderyk _eAutor |
|
| 245 | 1 | 0 |
_aPodstawy teoretyczne obróbki plastycznej metali / _cFryderyk Knap ; Politechnika Częstochowska. Instytut Technologii Metali. |
| 260 |
_aCzęstochowa : _bPC, _c1975. |
||
| 300 |
_a355 s. : _bil., tab., wykr. ; _c25 cm. |
||
| 336 |
_2rdacontent _aTekst _btxt |
||
| 337 |
_2rdamedia _aBez urządzenia pośredniczącego _bn |
||
| 338 |
_2rdacarrier _aWolumin _bnc |
||
| 380 | _aKsiążki | ||
| 380 | _aPublikacje dydaktyczne | ||
| 385 |
_mPoziom nauczania _aSzkoły wyższe |
||
| 388 | _a1901-2000 | ||
| 388 | _a1945-1989 | ||
| 504 | _aBibliogr. | ||
| 650 | 7 |
_aMetale _2DBN |
|
| 650 | 7 |
_aObróbka plastyczna _2DBN |
|
| 655 | 7 |
_aPodręcznik _2DBN |
|
| 658 | _aInżynieria i technika | ||
| 856 |
_uhttp://koha.tu.koszalin.pl/cgi-bin/koha/opac-detail.pl?biblionumber=15923 _yKatalog online BPK |
||
| 942 |
_2UKD _cKS |
||
| 999 |
_c15923 _d15923 |
||